[Event "ROM-chT Blitz"]
[Site "Sebes"]
[Date "2022.12.04"]
[Round "6.28"]
[White "Cnejev, Vladimir Alexandru"]
[Black "Duma, Ioan Gheorghe"]
[Result "1-0"]
[WhiteElo "2268"]
[BlackElo "1782"]
[PlyCount "35"]
[EventDate "2022.12.04"]
[EventType "team-swiss (blitz)"]
[EventRounds "8"]
[EventCountry "ROU"]
[SourceTitle "CBM 211 Extra"]
[Source "ChessBase"]
[SourceDate "2023.01.31"]
[SourceVersion "1"]
[SourceVersionDate "2023.01.31"]
[SourceQuality "1"]
[WhiteTeam "Arnia Chess"]
[BlackTeam "Targu Mures Juvenes"]
[WhiteTeamCountry "ROU"]
[BlackTeamCountry "ROU"]

1. e4 e5 2. Nf3 Nc6 3. Bb5 Nf6 4. 0-0 Bc5 5. c3 d6 6. d4 exd4 7. cxd4 Bb6 8. d5 a6 9. Ba4 0-0 10. dxc6 bxc6 11. Bxc6 Rb8 12. Nc3 a5 13. Bg5 Ba6 14. Re1 h6 15. Bh4 g5 16. Nxg5 hxg5 17. Bxg5 Kh7 18. Nd5 1-0

[Event "ROM-chT Blitz"]
[Site "Sebes"]
[Date "2022.12.04"]
[Round "3.24"]
[White "Duma, Ioan Gheorghe"]
[Black "Craciun, Sasha Matei"]
[Result "0-1"]
[WhiteElo "1782"]
[BlackElo "2001"]
[PlyCount "45"]
[EventDate "2022.12.04"]
[EventType "team-swiss (blitz)"]
[EventRounds "8"]
[EventCountry "ROU"]
[SourceTitle "CBM 211 Extra"]
[Source "ChessBase"]
[SourceDate "2023.01.31"]
[SourceVersion "1"]
[SourceVersionDate "2023.01.31"]
[SourceQuality "1"]
[WhiteTeam "Targu Mures Juvenes"]
[BlackTeam "Otopeni"]
[WhiteTeamCountry "ROU"]
[BlackTeamCountry "ROU"]

1. d4 d5 2. Nf3 Nf6 3. Bf4 c5 4. e3 Nc6 5. dxc5 e6 6. c4 Bxc5 7. cxd5 Nxd5 8. Bg5 Qa5+ 9. Nbd2 0-0 10. Bc4 Nb6 11. Be2 Bb4 12. e4 Nd4 13. Be3 Nxf3+ 14. gxf3 e5 15. a3 Bxd2+ 16. Bxd2 Qa4 17. b3 Qc6 18. Rc1 Qf6 19. h4 Rd8 20. Qc2 h6 21. Be3 Be6 22. Qb2 Qe7 23. b4 0-1

[Event "ROM-chT Blitz"]
[Site "Sebes"]
[Date "2022.12.04"]
[Round "5.24"]
[White "Santimbrean, Mihnea Nicolae"]
[Black "Duma, Ioan Gheorghe"]
[Result "0-1"]
[WhiteElo "1531"]
[BlackElo "1782"]
[PlyCount "172"]
[EventDate "2022.12.04"]
[EventType "team-swiss (blitz)"]
[EventRounds "8"]
[EventCountry "ROU"]
[SourceTitle "CBM 211 Extra"]
[Source "ChessBase"]
[SourceDate "2023.01.31"]
[SourceVersion "1"]
[SourceVersionDate "2023.01.31"]
[SourceQuality "1"]
[WhiteTeam "Family Giroc"]
[BlackTeam "Targu Mures Juvenes"]
[WhiteTeamCountry "ROU"]
[BlackTeamCountry "ROU"]

1. e4 e5 2. Nf3 Nc6 3. Bc4 Bc5 4. c3 d6 5. d3 Nf6 6. Nbd2 a6 7. Bb3 0-0 8. h3 b5 9. 0-0 Na5 10. Bc2 Bb6 11. Re1 c5 12. Nf1 Nc6 13. Ng3 Qc7 14. Nh4 h6 15. Nhf5 Kh7 16. Qd2 Ng8 17. Qe2 Nce7 18. Qf3 Nxf5 19. Nxf5 Bxf5 20. Qxf5+ g6 21. Qg4 f5 22. exf5 gxf5 23. Qh5 Qf7 24. Qxf7+ Rxf7 25. Bb3 Rf6 26. Bd5 Raf8 27. c4 Ne7 28. Bb7 bxc4 29. dxc4 a5 30. Bd2 Rg8 31. Kh1 Rg7 32. Bf3 Ng6 33. Bd5 Nh4 34. Bc3 Ng6 35. g3 f4 36. Be4 fxg3 37. fxg3 Kh8 38. Kh2 Ne7 39. Rf1 Rgf7 40. Kg2 Kg7 41. Rxf6 Rxf6 42. Rf1 Rxf1 43. Kxf1 Kf6 44. Kf2 Nf5 45. Kf3 Nd4+ 46. Kg4 Bd8 47. Kh5 Kg7 48. Bd2 Ne6 49. Bxh6+ Kf6 50. Bd2 a4 51. Bc6 a3 52. b3 Bc7 53. Bc1 Nd4 54. Bd5 Ne2 55. Bxa3 Nxg3+ 56. Kg4 Ne2 57. Bb2 Nf4 58. Kg3 Nxd5 59. cxd5 Kf5 60. Kf3 Bd8 61. a4 Ba5 62. Ke3 Be1 63. Kd3 Kf4 64. Bc3 e4+ 65. Kc2 Bh4 66. Bd2+ Ke5 67. Be3 Kxd5 68. Kc3 Bf6+ 69. Kc2 Kc6 70. a5 d5 71. Kd2 d4 72. Bf4 Bd8 73. h4 Bxh4 74. Kc2 Kb5 75. Bd6 Bd8 76. Kd2 Bxa5+ 77. Kc2 Bb4 78. Kd1 c4 79. bxc4+ Kxc4 80. Bf4 Kd3 81. Bg5 e3 82. Bh4 Ke4 83. Ke2 d3+ 84. Kd1 Kf3 85. Be1 e2+ 86. Kc1 Bxe1 0-1

[Event "ROM-chT Rapid"]
[Site "Sebes"]
[Date "2022.12.03"]
[Round "5.16"]
[White "Cnejev, Vladimir Alexandru"]
[Black "Duma, Ioan Gheorghe"]
[Result "1-0"]
[WhiteElo "2268"]
[BlackElo "1782"]
[PlyCount "61"]
[EventDate "2022.12.03"]
[EventType "team-swiss (rapid)"]
[EventRounds "8"]
[EventCountry "ROU"]
[SourceTitle "CBM 211 Extra"]
[Source "ChessBase"]
[SourceDate "2023.01.31"]
[SourceVersion "1"]
[SourceVersionDate "2023.01.31"]
[SourceQuality "1"]
[WhiteTeam "Arnia Chess"]
[BlackTeam "Targu Mures Juvenes"]
[WhiteTeamCountry "ROU"]
[BlackTeamCountry "ROU"]

1. e4 e5 2. Nf3 Nc6 3. Bb5 Nf6 4. 0-0 d6 5. Re1 Be7 6. c3 Bd7 7. h3 a6 8. Ba4 b5 9. Bc2 0-0 10. d4 h6 11. Nbd2 Re8 12. Nf1 Bf8 13. Ng3 g6 14. b3 Na5 15. Be3 c6 16. Qd2 Kh7 17. Nh2 Bg7 18. Rad1 Qc7 19. f4 c5 20. fxe5 dxe5 21. dxe5 Qxe5 22. Bf4 Qe6 23. e5 Ng8 24. Qxd7 Qxd7 25. Rxd7 f6 26. Nh5 Re7 27. Rxe7 Nxe7 28. exf6 Bh8 29. Rxe7+ Kg8 30. Bxg6 Nc6 31. Bh7+ 1-0

[Event "ROM-chT Rapid"]
[Site "Sebes"]
[Date "2022.12.03"]
[Round "8.23"]
[White "Duma, Ioan Gheorghe"]
[Black "Butolo, Alexandru Mircea"]
[Result "0-1"]
[WhiteElo "1782"]
[BlackElo "2043"]
[PlyCount "174"]
[EventDate "2022.12.03"]
[EventType "team-swiss (rapid)"]
[EventRounds "8"]
[EventCountry "ROU"]
[SourceTitle "CBM 211 Extra"]
[Source "ChessBase"]
[SourceDate "2023.01.31"]
[SourceVersion "1"]
[SourceVersionDate "2023.01.31"]
[SourceQuality "1"]
[WhiteTeam "Targu Mures Juvenes"]
[BlackTeam "Bucharest CSU II"]
[WhiteTeamCountry "ROU"]
[BlackTeamCountry "ROU"]

1. d4 Nf6 2. c4 e6 3. Nf3 d5 4. Nc3 Bb4 5. e3 0-0 6. a3 Bxc3+ 7. bxc3 b6 8. cxd5 exd5 9. Bd3 Ba6 10. 0-0 c5 11. Bxa6 Nxa6 12. Qa4 Nc7 13. c4 Qe7 14. Bd2 Ne4 15. Be1 Qe6 16. cxd5 Nxd5 17. dxc5 Nxc5 18. Qh4 h6 19. a4 Rfe8 20. a5 b5 21. Nd4 Qd7 22. Qh5 Nd3 23. Bd2 Re5 24. Qe2 N3f4 25. Qf3 Ne6 26. Rfc1 Ng5 27. Qe2 Rae8 28. Qf1 Qg4 29. Kh1 Ne4 30. Be1 Qg6 31. Rc6 Qh5 32. Rac1 Ndf6 33. f3 Ng5 34. e4 Ne6 35. Nf5 Kh7 36. Ng3 Qg5 37. Qf2 h5 38. Bd2 Qg6 39. h4 Nd4 40. Bf4 Nxc6 41. Rxc6 R5e6 42. Rxe6 Rxe6 43. Qxa7 Ne8 44. Qc5 Nd6 45. Nf5 Nxf5 46. exf5 Re1+ 47. Kh2 Qf6 48. Bg3 Rb1 49. Qc8 Qa1 50. Bf2 Rh1+ 51. Kg3 b4 52. a6 Qe5+ 53. f4 Qc3+ 54. Qxc3 bxc3 55. a7 Ra1 56. Be3 c2 57. Kf2 Rxa7 58. Ke2 Rc7 59. Bc1 Rc5 60. Kd3 g6 61. fxg6+ Kxg6 62. Kd4 Rc8 63. Ke4 Rc4+ 64. Kd3 Rc7 65. Ke4 Ra7 66. Kd3 Kf5 67. g3 Kg4 68. Kxc2 Rc7+ 69. Kd2 Kxg3 70. Bb2 Kxf4 71. Bf6 Rc6 72. Bg5+ Kg4 73. Ke3 Re6+ 74. Kd4 Re1 75. Bf6 Rh1 76. Ke5 Rxh4 77. Bxh4 Kxh4 78. Kf4 f6 79. Kf3 Kg5 80. Kg3 h4+ 81. Kh3 f5 82. Kh2 Kf4 83. Kh3 Ke3 84. Kg2 Ke2 85. Kh3 f4 86. Kxh4 f3 87. Kg3 f2 0-1

[Event "ROM-chT Rapid"]
[Site "Sebes"]
[Date "2022.12.03"]
[Round "7.20"]
[White "Duma, Ioan Gheorghe"]
[Black "Mainescu, Andrei Cristian"]
[Result "0-1"]
[WhiteElo "1782"]
[BlackElo "1860"]
[PlyCount "80"]
[EventDate "2022.12.03"]
[EventType "team-swiss (rapid)"]
[EventRounds "8"]
[EventCountry "ROU"]
[SourceTitle "CBM 211 Extra"]
[Source "ChessBase"]
[SourceDate "2023.01.31"]
[SourceVersion "1"]
[SourceVersionDate "2023.01.31"]
[SourceQuality "1"]
[WhiteTeam "Targu Mures Juvenes"]
[BlackTeam "Bucharest CSU"]
[WhiteTeamCountry "ROU"]
[BlackTeamCountry "ROU"]

1. d4 Nf6 2. c4 e6 3. Nf3 b6 4. Nc3 Bb4 5. Bg5 Bb7 6. Qc2 h6 7. Bd2 0-0 8. a3 Bxc3 9. Bxc3 Ne4 10. b4 Nxc3 11. Qxc3 d6 12. g3 Qf6 13. Bg2 c5 14. Rd1 Nd7 15. 0-0 Rac8 16. Rfe1 cxd4 17. Nxd4 Bxg2 18. Kxg2 d5 19. Qd2 Rxc4 20. e4 dxe4 21. Nb5 Qf3+ 22. Kg1 Ne5 23. Qa2 Rfc8 24. Qe2 Rc2 25. Qf1 Qh5 26. Nd4 f5 27. Rc1 Rxc1 28. Rxc1 Rd8 29. f4 Rxd4 30. fxe5 Rd2 31. h3 e3 32. Rc8+ Kh7 33. h4 Rd1 34. Rc1 Rxf1+ 35. Rxf1 Qg4 36. Kg2 Qe4+ 37. Kh2 e2 38. Re1 Qxe5 39. Kg2 Qe3 40. h5 e5 0-1

[Event "ROM-chT Rapid"]
[Site "Sebes"]
[Date "2022.12.03"]
[Round "4.15"]
[White "Itkis, Boris"]
[Black "Duma, Ioan Gheorghe"]
[Result "1-0"]
[WhiteElo "2329"]
[BlackElo "1782"]
[PlyCount "123"]
[EventDate "2022.12.03"]
[EventType "team-swiss (rapid)"]
[EventRounds "8"]
[EventCountry "ROU"]
[SourceTitle "CBM 211 Extra"]
[Source "ChessBase"]
[SourceDate "2023.01.31"]
[SourceVersion "1"]
[SourceVersionDate "2023.01.31"]
[SourceQuality "1"]
[WhiteTeam "Techirghiol Victoria"]
[BlackTeam "Targu Mures Juvenes"]
[WhiteTeamCountry "ROU"]
[BlackTeamCountry "ROU"]

1. d4 Nf6 2. c4 e6 3. Nf3 c5 4. g3 cxd4 5. Nxd4 Nc6 6. Nc3 a6 7. Bg2 Bc5 8. Nb3 Ba7 9. Bf4 0-0 10. Bd6 Re8 11. 0-0 Ne7 12. e4 h6 13. e5 Nh7 14. Nc5 Nc6 15. Qd2 Bxc5 16. Bxc5 Nxe5 17. b3 Nf6 18. Na4 d5 19. Nb6 Rb8 20. cxd5 exd5 21. Nxd5 Nxd5 22. Qxd5 Qxd5 23. Bxd5 Be6 24. Bg2 Nd3 25. Bb6 Nb4 26. Rfd1 Bf5 27. Rd2 Re6 28. Ba7 Ra8 29. Bc5 Nd3 30. Be3 Rb8 31. Rad1 Ne5 32. Rd8+ Re8 33. Rxe8+ Rxe8 34. Bxb7 Ng4 35. Bd4 Re2 36. Bxa6 Rxa2 37. Bc4 Be6 38. Bxe6 fxe6 39. h3 Nf6 40. b4 Nd5 41. Rb1 Rd2 42. Be5 Re2 43. Ba1 Re4 44. b5 Nb6 45. Bc3 Ra4 46. Bd2 Nc4 47. b6 Ra8 48. b7 Rb8 49. Rc1 Nd6 50. Bf4 Rxb7 51. Bxd6 Rd7 52. Be5 Rd5 53. Rc8+ Kh7 54. f4 g5 55. Kf2 Kg6 56. Ke3 gxf4+ 57. Kxf4 Rb5 58. Rg8+ Kh5 59. Bd6 Rf5+ 60. Ke4 Re5+ 61. Kf3 Re3+ 62. Kxe3 1-0

[Event "Targu Mures op 3rd"]
[Site "Targu Mures"]
[Date "2022.06.08"]
[Round "6"]
[White "Duma, Ioan Gheorghe"]
[Black "Puskas, Janos"]
[Result "0-1"]
[WhiteElo "1771"]
[BlackElo "2041"]
[PlyCount "48"]
[EventDate "2022.06.05"]
[EventType "swiss"]
[EventRounds "9"]
[EventCountry "ROU"]
[SourceTitle "EXT 2024"]
[Source "ChessBase"]
[SourceDate "2023.10.10"]
[SourceVersion "1"]
[SourceVersionDate "2023.10.10"]
[SourceQuality "1"]

1. d4 Nf6 2. c4 e6 3. Nf3 b6 4. Nc3 Bb7 5. Bg5 h6 6. Bxf6 Qxf6 7. e4 Bb4 8. Bd3 c5 9. e5 Qf4 10. dxc5 Bxf3 11. Qxf3 Qxe5+ 12. Be2 Nc6 13. 0-0 Bxc3 14. bxc3 Qxc5 15. Bd3 0-0 16. Qe4 f5 17. Qh4 e5 18. Rfd1 e4 19. Bc2 Ne5 20. Rd4 Rf6 21. Qf4 Rg6 22. Kh1 Ng4 23. f3 Nf2+ 24. Kg1 Nh3+ 0-1

[Event "Targu Mures op"]
[Site "Targu Mures"]
[Date "2019.10.19"]
[Round "4"]
[White "Duma, Ioan Gheorghe"]
[Black "Rusan, Paul Cristian"]
[Result "1/2-1/2"]
[WhiteElo "1834"]
[BlackElo "2105"]
[PlyCount "105"]
[EventDate "2019.10.17"]
[EventType "swiss"]
[EventRounds "7"]
[EventCountry "ROU"]
[SourceTitle "CBM 192 Extra"]
[Source "Chessbase"]
[SourceDate "2019.11.06"]
[SourceVersion "1"]
[SourceVersionDate "2019.11.06"]
[SourceQuality "1"]

1. d4 d6 2. Nf3 g6 3. e4 Bg7 4. Bd3 Nf6 5. h3 0-0 6. Be3 Nc6 7. Qd2 e5 8. c3 d5 9. Nxe5 Nxe4 10. Nxc6 bxc6 11. Qc2 f5 12. g3 Qe7 13. Qe2 Re8 14. Qf3 a5 15. 0-0 Rb8 16. b3 c5 17. Rd1 cxd4 18. cxd4 c5 19. Bf1 Rb4 20. Na3 cxd4 21. Bd2 Rb8 22. Nb5 Nxd2 23. Rxd2 d3 24. Nd4 Qc5 25. Qxd3 Re4 26. Nc2 Bxa1 27. Nxa1 Be6 28. Nc2 a4 29. Nd4 Rxd4 30. Qxd4 Qxd4 31. Rxd4 axb3 32. axb3 Rxb3 33. h4 Kf7 34. Bg2 Rb5 35. Bf1 Rb1 36. Kg2 Ke7 37. Be2 Kd6 38. Ra4 Rb7 39. Ra6+ Ke7 40. Bf3 Rd7 41. Rb6 d4 42. Kf1 h6 43. Ke2 Rd6 44. Rb4 Kf6 45. Kd3 Ke5 46. Bb7 g5 47. hxg5 hxg5 48. f4+ gxf4 49. gxf4+ Kxf4 50. Rxd4+ Rxd4+ 51. Kxd4 Kg3 52. Ke5 Bd7 53. Bc6 1/2-1/2

[Event "ROM-ch"]
[Site "Targu Mures"]
[Date "2014.04.27"]
[Round "2"]
[White "Marcu, Iulian"]
[Black "Duma, Ioan Gheorghe"]
[Result "1-0"]
[WhiteElo "2002"]
[BlackElo "1771"]
[PlyCount "102"]
[EventDate "2014.04.26"]
[EventType "swiss"]
[EventRounds "11"]
[EventCountry "ROU"]
[SourceTitle "CBM 160 Extra"]
[Source "ChessBase"]
[SourceDate "2014.07.01"]
[SourceVersion "1"]
[SourceVersionDate "2014.07.01"]
[SourceQuality "1"]

1. d4 Nf6 2. c4 e6 3. Nc3 Bb4 4. Qc2 c5 5. Nf3 Nc6 6. e3 0-0 7. a3 Bxc3+ 8. Qxc3 b6 9. Bd3 Bb7 10. dxc5 bxc5 11. 0-0 Qc7 12. b4 cxb4 13. axb4 Ne7 14. Bb2 Rfc8 15. Ra5 Ng6 16. Rg5 d5 17. c5 a5 18. Rc1 axb4 19. Qxb4 h6 20. Rg3 Nh5 21. Rh3 Nf6 22. Bxf6 gxf6 23. Bxg6 fxg6 24. Rxh6 Kg7 25. Qh4 Rh8 26. Rxh8 Rxh8 27. Qg3 e5 28. Nh4 g5 29. Nf3 Kf7 30. Nd4 Bc8 31. Nb5 Qc6 32. Nd6+ Kg6 33. Nxc8 Qxc8 34. f4 exf4 35. exf4 Rd8 36. fxg5 fxg5 37. h4 g4 38. Qe5 Qf5 39. Qxf5+ Kxf5 40. Kf2 Kf4 41. g3+ Ke4 42. c6 Rf8+ 43. Ke2 d4 44. c7 d3+ 45. Kd2 Rf2+ 46. Kc3 Rf8 47. Re1+ Kd5 48. Kxd3 Kd6 49. Rc1 Kd7 50. c8Q+ Rxc8 51. Rxc8 Kxc8 1-0